Κατάλογος Βιβλιοθηκών Mediterranean College

Lean Startup - Λιτή Επιχειρηματική Εκκίνηση / Πώς οι σημερινοί Επιχειρηματίες Χρησιμοποιούν Καινοτομίες για τη Δημιουργία Επιτυχημένων Επιχειρήσεων (Record no. 6031)

MARC details
000 -LEADER
fixed length control field 01498cam a22001934a 4500
005 - ΗΜΕΡΟΜΗΝΙΑ ΚΑΙ ΩΡΑ ΤΕΛΕΥΤΑΙΑΣ ΕΝΗΜΕΡΩΣΗΣ
Πεδίο ελέγχου 20250605164230.0
008 - FIXED-LENGTH DATA ELEMENTS--GENERAL INFORMATION
Πεδίο ελέγχου σταθερού μήκους 250528s ||||||||||||||||||||||||d
035 ## - SYSTEM CONTROL NUMBER
System control number 20954
020 ## - ISBN
ISBN 9789601427461
040 ## - ΠΗΓΗ ΚΑΤΑΛΟΓΟΓΡΑΦΗΣΗΣ
Φορέας πρωτότυπης καταλογογράφησης MC Athens Campus Library
Γλώσσα καταλογογράφησης Ελληνικά, Μοντέρνα (1453-)
Modifying agency MC Athens Campus Library
Κανόνες περιγραφικής καταλογογράφησης AACR2
245 1# - ΤΙΤΛΟΣ ΚΑΙ ΔΗΛΩΣΗ ΥΠΕΥΘΥΝΟΤΗΤΑΣ
Τίτλος Lean Startup - Λιτή Επιχειρηματική Εκκίνηση / Πώς οι σημερινοί Επιχειρηματίες Χρησιμοποιούν Καινοτομίες για τη Δημιουργία Επιτυχημένων Επιχειρήσεων
260 ## - PUBLICATION, DISTRIBUTION, ETC.
Name of publisher, distributor, etc. Λιβάνης,
Date of publication, distribution, etc. 2013
300 ## - PHYSICAL DESCRIPTION
Extent 384
520 ## - SUMMARY, ETC.
Summary, etc. Αυτό το βιβλίο επιχειρεί να βάλει την επιχειρηματική δραστηριότητα και την καινοτομία σε αυστηρό βηματισμό. Εισαγωγή, Όραμα, Αρχή, Ορισμός, Μάθηση, Πείραμα, Σύστημα Διεύθυνσης, Πώς το Οραμα Οδηγεί στο Σύστημα Διεύθυνσης, Άλμα, Δοκιμή, Αποτίμηση, Αλλαγή Κατεύθυνσης (ή Επιμονή), Επιτάχυνση, Βάλτε Μπρος τις Μηχανές, Παρτίδα, Μεγέθυνση, Προσαρμογή, Καινοτομία, Επίλογος: Μη Χαραμίζεσαι, Μπες στο Κίνημα, Σημειώσεις, Γνωστοποιήσεις, Ευχαριστίες.
700 1# - ΠΡΟΣΘΕΤΗ ΑΝΑΓΡΑΦΗ--ΦΥΣΙΚΟ ΠΡΟΣΩΠΟ
Personal name Ρις Έρικ
9 (RLIN) 6946
942 ## - ADDED ENTRY ELEMENTS (KOHA)
Koha item type Books
Holdings
Τύπος τεκμηρίου Βιβλιοθήκη Τρέχουσα τοποθεσία Barcode Αριθμός εισαγωγής Ημερομηνία απόκτησης Ταξιθετικό σύμβολο Αριθμός αντιτύπου Κατάσταση απόσυρσης Κατάσταση χαμένου Κατάσταση κατεστραμμένου Μη δανεισμός Σύνολο δανεισμών Ημερομηνία τελευταίας εμφάνισης Η τιμή ισχύει από
Books MC Athens Campus Library MC Athens Campus Library 9780000060303 6697 05/06/2025 658.11 RIE 1           05/06/2025 05/06/2025

MC Athens Campus Library
Πατησίων 94 & Κοδριγκτώνος 13, 104 34
Πελλήνης 8 & Πατησίων 107, 112 51
Τ: +30 210 8899600

MC Thessaloniki Campus Library
Ίωνος Δραγούμη 21, 54625 | Ίωνος Δραγούμη 15, 54625
Τ: +30 2310 287779 – Τ: +30 2314 440300